| 000 | 00979nam a2200253Ia 4500 | ||
|---|---|---|---|
| 003 | GCL | ||
| 005 | 20240530110203.0 | ||
| 008 | 140319s9999 xx 000 0 ara d | ||
| 040 |
_aGCL / _cGCL |
||
| 082 | 0 | 4 |
_a910.181 _bك ت |
| 100 | 1 | _aأغناطيوس يوليانوفتش كراتشكوفسكي | |
| 245 | 1 | 0 |
_aتاريخ الادب الجغرافى العربى / _cتاليف أغناطيوس يوليانوفتش كراتشكوفسكي ؛ مترجم صلاح الدين عثمان هاشم |
| 260 |
_a[ بيروت ] : _bدار الغرب الاسلامى ، _c1987 |
||
| 300 |
_a1111 ص؛ _b24 سم |
||
| 650 | 0 | 4 | _aالادب العربى |
| 650 | 0 | 4 | _aالتاريخ الاسلامى |
| 650 | 0 | 4 | _aالرحلات |
| 650 | 0 | 4 | _aالجغرافيا |
| 650 | 0 | 4 | _aالرحالة العرب |
| 650 | 0 | 4 | _aالعلوم عند العرب |
| 650 | 0 | 4 | _aالعرب والبحار |
| 700 | 1 |
_aصلاح الدين عثمان هاشم _4مترجم |
|
| 942 |
_2ddc _cBK |
||
| 999 |
_c59273 _d59273 |
||